000 00336nam a2200133Ia 4500
008 230917s9999||||xx |||||||||||||| ||und||
040 _e92735
_aMAIN
041 _aEnglish
082 _a617.7 K96R
100 _aMilind Kumar
245 0 _aRole of calcium and magnesium in human senile cataractogenesis
300 _a59 p.
942 _cTH
999 _c73112
_d73112